[Event "Cappelle op"]
[Site "Cappelle la Grande"]
[Date "1995.??.??"]
[Round "2"]
[White "Relange, Eloi"]
[Black "Howell, James C"]
[Result "0-1"]
[WhiteElo "2420"]
[BlackElo "2520"]

1.d4 d5 2.Nf3 c5 3.c4 dxc4 4.e3 cxd4 5.exd4 Be6 6.Nc3 Nf6 7.Qa4+ Nc6 8.Bxc4 Bxc4
9.Qxc4 e6 10.O-O Be7 11.Qb5 Qd7 12.Ne5 Nxe5 13.dxe5 Qxb5 14.Nxb5 Nd5 15.Rd1 a6
16.Nd4 O-O-O 17.Bd2 Rd7 18.Kf1 Kb8 19.Rac1 Rhd8 20.Ba5 Rc8 21.Rxc8+ Kxc8
22.Rc1+ Kb8 23.a3 Nf4 24.Rd1 Bc5 25.Bc3 Ng6 26.Nc6+ Kc8 27.Rxd7 Kxd7 28.Na5 b6
29.Nb3 Kc6 30.g3 Kd5 31.f4 Bxa3 32.Ke2 Bc5 33.Nd2 a5 34.Kd3 Nf8 35.Ne4 h6
36.h4 Nd7 37.h5 a4 38.g4 b5 39.g5 Bf8 40.gxh6 gxh6 41.Bd4 b4 42.Nd6 f6 43.Nc4 fxe5
44.Ne3+ Kd6 45.Nc4+ Kc6 46.Bxe5 Nc5+ 47.Ke3 Nb3  0-1

[Event "Cappelle op"]
[Site "Cappelle la Grande"]
[Date "1995.??.??"]
[Round "4"]
[White "Barkhagen, Jonas"]
[Black "Howell, James C"]
[Result "1/2-1/2"]
[WhiteElo "2400"]
[BlackElo "2520"]

1.d4 d5 2.c4 dxc4 3.Nf3 c5 4.d5 Nf6 5.Nc3 e6 6.e4 exd5 7.exd5 a6 8.a4 Bd6
9.Bxc4 O-O 10.O-O Bg4 11.Bg5 Re8 12.h3 Bh5 13.Re1 Rxe1+ 14.Qxe1 Bxf3 15.Bxf6 gxf6
16.gxf3 f5 17.Qe3 Nd7 18.Qh6 Qf6 19.Qxf6 Nxf6 20.Bd3 Be5 21.Bxf5 Bxc3 22.bxc3 Nxd5
23.c4 Nb6 24.Bd3 Rd8 25.Bf1 a5 26.Rb1 Rd6 27.Rb5 Nxa4 28.Rxa5 Ra6 29.Rb5 Rb6
30.Ra5 Ra6 31.Rb5 Rb6 32.Ra5 Rb4 33.Ra8+ Kg7 34.Rc8 b6 35.Rc6 Nb2 36.Kg2 f6
37.Kg3 Nxc4 38.Bxc4 Rxc4 39.Rxb6 Rd4 40.f4 Kg6 41.Rc6 Rd5 42.Kf3 Kf5 43.Ke3 h6
44.h4 h5 45.f3 Kg6 46.Ra6 Rd4 47.Rc6 Rc4 48.Rd6 Rc1 49.Rd5 c4 50.f5+ Kg7
51.Kd2 Rf1  1/2-1/2

[Event "Cappelle op"]
[Site "Cappelle la Grande"]
[Date "1995.??.??"]
[Round "4"]
[White "Nemet, Ivan"]
[Black "Yakovich, Yuri"]
[Result "0-1"]
[WhiteElo "2420"]
[BlackElo "2555"]

1.d4 d5 2.c4 dxc4 3.Nf3 a6 4.e3 Nf6 5.Bxc4 e6 6.Qe2 c5 7.dxc5 Bxc5 8.O-O b5
9.Bd3 Nc6 10.Nc3 Bb7 11.a3 Bd6 12.Rd1 O-O 13.b4 Qc7 14.Bb2 Ne5 15.Nxe5 Bxe5
16.Rac1 Qe7 17.Nxb5 Bxb2 18.Rc7 Qe8 19.Qxb2 Qb8 20.Rxb7 Qxb7 21.Nd4 Rfd8
22.Be2 Rac8 23.Rc1 Rxc1+ 24.Qxc1 Rc8 25.Qf1 Ra8 26.Bf3 Nd5 27.h4 Rc8 28.Bxd5 exd5
29.g3 Rc3 30.Qa1 Qc7 31.Kg2 Rc1 32.Qb2 Qc3 33.Qe2 Qc4 34.Qb2 Qf1+ 35.Kf3 Qh1+
36.Kg4 Qe4+ 37.f4 h5+  0-1

[Event "Cappelle op"]
[Site "Cappelle la Grande"]
[Date "1995.??.??"]
[Round "9"]
[White "Petkevich, Jusefs"]
[Black "Ryan, Joseph"]
[Result "1/2-1/2"]
[WhiteElo "2460"]
[BlackElo "2230"]

1.d4 d5 2.c4 dxc4 3.Nf3 c5 4.d5 Nf6 5.Nc3 e6 6.e4 exd5 7.exd5 Bd6 8.Bxc4 O-O
9.O-O a6 10.a4 Bg4 11.h3 Bxf3 12.Qxf3 Nbd7 13.Qd1 Re8 14.Be3 Qa5 15.Be2 Qb4
16.Qc2 Qh4 17.Qd2 Ne4 18.Nxe4 Qxe4 19.Bf3 Qg6 20.a5 Ne5 21.Be2 Qe4 22.b3 Ng6
23.Ra4 Qe5 24.g3 Qe7 25.Kg2 f5 26.Re1 f4 27.gxf4 Rf8 28.Bg4 Qf6 29.Re4 Nxf4+
30.Bxf4 Bxf4 31.Qe2 Qg5 32.Kh1 Kh8 33.Be6 h6 34.Rg1 Qf6 35.Bg4 Bc7 36.Re7 Qf4
37.Rg2 Bd6 38.Re4 Qf7 39.Re6 Qf4 40.Re4 Qg5 41.Be6 Qc1+ 42.Rg1 Qc3 43.Qe3 Qxe3
44.fxe3  1/2-1/2

[Event "Ceske Budejovice op"]
[Site "Ceske Budejovice"]
[Date "1995.??.??"]
[Round "3"]
[White "Bakalarz, Mieczyslaw"]
[Black "Meister, Yakov"]
[Result "0-1"]
[WhiteElo "2265"]
[BlackElo "2450"]

1.d4 d5 2.c4 dxc4 3.Nf3 a6 4.e3 Nf6 5.Bxc4 e6 6.O-O c5 7.a4 Nc6 8.Nc3 Be7
9.Qe2 cxd4 10.Rd1 O-O 11.exd4 Nd5 12.Ne4 Na5 13.Bd3 Nb4 14.Bg5 Nxd3 15.Qxd3 Nc6
16.Bxe7 Qxe7 17.Neg5 g6 18.Qe3 Bd7 19.Qf4 Nb4 20.Ne4 Bc6 21.h4 Bxe4 22.Qxe4 Nd5
23.h5 Rac8 24.hxg6 hxg6 25.Ne5 Qg5 26.Ra3 Rc1 27.Rxc1 Qxc1+ 28.Kh2 Kg7 29.Rh3 Qf4+
30.Qxf4 Nxf4 31.Re3 Rd8 32.Rf3 Rxd4 33.g3 f6 34.gxf4 fxe5 35.fxe5 Rxa4 36.Rb3 b5
37.Kg3 Kh6 38.Rf3 Re4 39.Ra3 Kg5 40.Rxa6 Kf5 41.Rc6 Rb4 42.Rc2 Rb3+ 43.Kg2 Kxe5
44.Re2+ Kf5 45.Kh2 e5 46.Kg2 Kf4 47.Rc2 e4 48.Rd2 g5 49.Rc2 g4 50.Rc8 Rxb2
51.Rf8+ Ke5 52.Kg3 b4 53.Kxg4 Rc2 54.Rb8 Rc4 55.Rd8 b3 56.Rb8 Rc3 57.Rb5+ Kd4
58.Rb4+ Kc5 59.Rxe4 Rc4  0-1

[Event "Copenhagen K41"]
[Site "Copenhagen"]
[Date "1995.??.??"]
[Round "6"]
[White "Danielsen, Henrik"]
[Black "Ye Rongguang"]
[Result "0-1"]
[WhiteElo "2430"]
[BlackElo "2535"]

1.d4 d5 2.c4 dxc4 3.Nf3 a6 4.e3 Nf6 5.Bxc4 e6 6.O-O c5 7.Nbd2 b5 8.Be2 Bb7
9.a4 cxd4 10.Nxd4 b4 11.Bf3 Ra7 12.b3 Be7 13.Bb2 O-O 14.Rc1 Nd5 15.Qe2 Nd7
16.Bxd5 Bxd5 17.Nc6 Bxc6 18.Rxc6 Nb8 19.Rc4 Rd7 20.Qg4 g6 21.Nf3 Rd5 22.Ne5 f5
23.Qg3 Bd6 24.f4 Bxe5 25.Bxe5 Nd7 26.Bd4 a5 27.Rfc1 Nf6 28.Qh4 Ne4 29.Qe1 Rd7
30.h3 Qe7 31.Kh2 Re8 32.R1c2 h5 33.Rc8 Kf7 34.R8c6 g5 35.Bb6 g4 36.Bd4 g3+
37.Kg1 h4 38.Qe2 Kg6 39.Ra6 Nf6 40.Rcc6 Rc7 41.Qc4 Rxc6 42.Rxc6 Ne4 43.Rc7 Qd6
44.Rc6 Qd7 45.Rc7 Qd6 46.Qb5 Nf6 47.Qxa5 Nd5 48.Rc1 Nxf4 49.Qb5 Rd8 50.Rc6 Qd7
51.Qe5 Ne2+ 52.Kf1 Nxd4 53.Rc7 Rc8 54.Rxc8 Qxc8 55.exd4 Qc1+ 56.Ke2 Qc2+
57.Ke1 Qxb3 58.d5 Qxd5 59.Qxd5 exd5 60.a5 f4 61.a6 b3 62.Kd2 b2 63.a7 b1=Q
64.a8=Q Qb4+ 65.Kc2 Qc5+ 66.Kb3 Kf5 67.Qh8 Qc4+ 68.Ka3 Ke4 69.Qxh4 Qc3+ 70.Ka4 Qc2+
71.Kb4 Qxg2 72.Qh7+ Ke3 73.Qa7+ d4 74.Qa3+ d3 75.Qa7+ Ke2 76.Qa2+ d2 77.Qc4+ Ke1
78.Qxf4 d1=Q  0-1

[Event "CUB-ch"]
[Site "CUB"]
[Date "1995.??.??"]
[Round "5"]
[White "Borges Mateos, Juan"]
[Black "Valdes, Luis E"]
[Result "1/2-1/2"]
[WhiteElo "2400"]
[BlackElo "2340"]

1.d4 d5 2.c4 dxc4 3.Nf3 c5 4.Nc3 Nf6 5.d5 e6 6.e4 exd5 7.e5 Nfd7 8.Bg5 Be7
9.Bxe7 Qxe7 10.Nxd5 Qd8 11.Bxc4 Nc6 12.O-O O-O 13.Re1 Nb6 14.Nxb6 axb6 15.h3 Qe7
16.Qd6 Re8 17.Rad1 Bf5 18.Bd5 Rac8  1/2-1/2

[Event "CZE-chT 9495"]
[Site "?"]
[Date "1995.??.??"]
[Round "7"]
[White "Chmiel, Pavel"]
[Black "Voloshin, Leonid"]
[Result "0-1"]
[WhiteElo "2280"]
[BlackElo "2435"]

1.d4 d5 2.c4 dxc4 3.Nf3 a6 4.a4 Nf6 5.e3 e6 6.Bxc4 c5 7.O-O Nc6 8.Nc3 cxd4
9.exd4 Nb4 10.Bg5 Be7 11.Qe2 O-O 12.Rfd1 Bd7 13.Ne5 Rc8 14.Rac1 Nfd5 15.Bxe7 Qxe7
16.Bxd5 Nxd5 17.Qc2 Qe8 18.Nxd7 Qxd7 19.Qb3 Nf6 20.h3 Rfd8 21.Ne2 Nd5 22.Rxc8 Rxc8
23.Rc1 Rxc1+ 24.Nxc1 Ne7 25.Qc4 Qc6 26.b3 Kf8 27.Nd3 Qxc4 28.bxc4 Nf5 29.Nc5 Nd6
30.Nd7+ Ke7 31.Nb6 Nf5 32.d5 Kd6 33.g4 Ne7 34.dxe6 fxe6 35.Kg2 Kc5 36.a5 Nc6
37.Nd7+ Kxc4 38.Kf3 Nxa5 39.Ke4 b5 40.Nf8 b4  0-1

[Event "France"]
[Site "France"]
[Date "1995.??.??"]
[Round "?"]
[White "Baburin, Alexander"]
[Black "Peric, S."]
[Result "1-0"]
[WhiteElo "2495"]
[BlackElo "2250"]

1.d4 d5 2.c4 dxc4 3.Nf3 c5 4.e3 Nf6 5.Bxc4 e6 6.Qe2 a6 7.dxc5 Bxc5 8.O-O Nbd7
9.e4 Qc7 10.e5 Ng4 11.Bf4 b5 12.Bb3 Bb7 13.Nbd2 O-O 14.h3 Ngf6 15.Rac1 Qb8
16.Bc2 Rc8 17.Bh2 Nd5 18.Bxh7+ Kxh7 19.Ng5+ Kg8 20.Qh5 Nf8 21.Qxf7+ Kh8 22.Qh5+ Kg8
23.Qf7+ Kh8 24.Nde4 Qa7 25.Rxc5 Rxc5 26.Nxc5 Qxc5 27.Qxb7 Qc8 28.Qf7 Rb8
29.Bg3 Rb7 30.Qh5+ Kg8 31.Rd1 g6 32.Qg4 Ne7 33.Ne4 Qc2 34.Rd8 Kg7 35.Qh4 Nd5
36.Rxf8 Kxf8 37.Qh8+ Ke7 38.Bh4+ g5 39.Bxg5+ Kd7 40.Qd8+  1-0

[Event "Geneve op"]
[Site "Geneve"]
[Date "1995.??.??"]
[Round "7"]
[White "Gerber, Richard"]
[Black "Olivier, Jean Christophe"]
[Result "0-1"]
[WhiteElo "2360"]
[BlackElo "2360"]

1.d4 d5 2.c4 dxc4 3.Nf3 a6 4.e3 Nf6 5.Bxc4 e6 6.O-O c5 7.a4 Nc6 8.Nc3 Be7
9.Qe2 O-O 10.Rd1 Qc7 11.b3 Bd7 12.Bb2 Rfd8 13.Rac1 Rac8 14.h3 Be8 15.Ng5 cxd4
16.exd4 Nd5 17.Nge4 Qf4 18.Rc2 Ncb4 19.Rcd2 Bc6 20.Nc5 Qg5 21.N3e4 Qg6 22.a5 Nf4
23.Qf3 Nxg2 24.Qxg2 Qxg2+ 25.Kxg2 Bxc5 26.dxc5 Bxe4+ 27.f3 Rxd2+ 28.Rxd2 Bd5
29.Bc3 Bxc4 30.bxc4 Nc6 31.Rd7 Nd8 32.Be5 Nc6 33.Bc7 Kf8 34.Bd6+ Kg8 35.Bc7 g6
36.Bb6 Rb8 37.Bc7 Rc8 38.Bb6 e5 39.Rxb7 Kg7 40.Kf2 Kf6 41.Ke3 Ke6 42.Kf2 h6
43.Kg3 h5 44.Kf2 f6 45.Rg7 Ne7 46.Rh7 Nc6 47.Rb7 h4 48.Ke3 Kf5 49.Rh7 g5
50.Rd7 Re8 51.Rd6 Re6 52.Bc7 Rxd6 53.cxd6 Ke6 54.Ke2 Kd7 55.Kf2 Nd4 56.Ke3 f5
57.c5 Ne6 58.Bb6 Nf4 59.c6+ Kxc6 60.Bd8 Nxh3  0-1

[Event "GER-ch U17"]
[Site "?"]
[Date "1995.??.??"]
[Round "9"]
[White "Gross, David"]
[Black "Breier, Andreas"]
[Result "1/2-1/2"]
[WhiteElo "2425"]
[BlackElo "2215"]

1.d4 d5 2.Nf3 c5 3.c4 dxc4 4.Qa4+ Nc6 5.dxc5 Qa5+ 6.Qxa5 Nxa5 7.Na3 Bd7 8.Bd2 b6
9.Bxa5 bxa5 10.Nxc4 Rc8 11.Nxa5 Rxc5 12.b4 Rc3 13.Nd2 g6 14.Nab3 Bg7 15.Rc1 Be6
16.e3 Bxb3 17.Bb5+ Kf8 18.Nxb3 Rxc1+ 19.Nxc1 Bc3+ 20.Ke2 Bxb4 21.Nd3 Bd6
22.e4 Kg7 23.Rc1 Bb8 24.h3 Nf6 25.e5 Nd5 26.Bc6 Nc7 27.Rb1 Rd8 28.Ke3 Ne6
29.Rb7  1/2-1/2

[Event "BL9596 (Women)"]
[Site "Germany"]
[Date "1995.??.??"]
[Round "?"]
[White "Ulms, Sandra"]
[Black "Nowicki, Eva"]
[Result "0-1"]
[WhiteElo "2070"]
[BlackElo "2080"]

1.d4 d5 2.Nf3 a6 3.c4 dxc4 4.a4 Nf6 5.Nc3 Nc6 6.e3 Na5 7.Ne5 Be6 8.Bd2 c5
9.dxc5 Qc7 10.Nf3 Qxc5 11.Qc2 Nb3 12.Ra3 g6 13.Na2 Nxd2 14.Nxd2 Rc8 15.a5 Bg7
16.Be2 Nd7 17.O-O O-O 18.Rc1 Qe5 19.Nc3 Rc5 20.Qa4 Rfc8 21.Rc2 R5c7 22.Nce4 Qb5
23.Ra2 Qxa4 24.Rxa4 c3 25.Nxc3 Bxc3 26.bxc3 Rxc3 27.Rb2 Rc1+ 28.Nf1 Bd5 29.Bf3 Bc4
30.Be2 Ne5 31.f4 Bxe2 32.Rxe2 Nc4 33.Kf2 Rc5 34.Rea2 Nd6 35.Nd2 R5c2 36.Rxc2 Rxc2
37.Ke2 Nb5 38.Kd3 Rc3+ 39.Ke4 Nd6+ 40.Kf3 Kg7 41.g4 f5 42.gxf5 gxf5 43.Rb4 Rc2
44.Rd4 Ra2 45.Rd5 Kf6 46.h3 h6 47.h4 Kg6 48.Nb3 Ne4 49.Rd7 Rf2+  0-1

[Event "Graz op"]
[Site "Graz"]
[Date "1995.??.??"]
[Round "4"]
[White "Novikov, Igor A"]
[Black "Skomorokhin, Roman"]
[Result "1-0"]
[WhiteElo "2580"]
[BlackElo "2460"]

1.d4 d5 2.c4 dxc4 3.Nf3 a6 4.e3 Nf6 5.Bxc4 e6 6.O-O c5 7.a4 Nc6 8.Qe2 cxd4
9.Rd1 Be7 10.exd4 O-O 11.Nc3 Nd5 12.Bd3 Ncb4 13.Bb1 b6 14.Ne4 Ra7 15.Bd2 Rc7
16.a5 bxa5 17.Rxa5 Rb7 18.Ra3 g6 19.Ne5 f6 20.Nc4 Nc6 21.Rd3 f5 22.Ng3 Ndb4
23.Bxb4 Nxb4 24.Rb3 Qd5 25.Nf1 Qb5 26.Nfe3 f4 27.Ng4 f3 28.Rxf3 Rxf3 29.gxf3 Qg5
30.Kh1 Nd5 31.Nce3 Nf4 32.Qc2 Bd7 33.Ne5 Kg7 34.Rg1 Qf6 35.N3g4 Qf5 36.Qd2 Qf8
37.Be4 Ra7 38.Qe3 Bd6 39.d5 Bc5 40.Nxd7 Bxe3  1-0

[Event "Graz op"]
[Site "Graz"]
[Date "1995.??.??"]
[Round "8"]
[White "Kumaran, Dharshan"]
[Black "Skomorokhin, Roman"]
[Result "1-0"]
[WhiteElo "2500"]
[BlackElo "2460"]

1.d4 d5 2.c4 dxc4 3.Nf3 a6 4.e3 e6 5.Bxc4 c5 6.Qe2 b5 7.Bd3 Nd7 8.O-O Ngf6
9.a4 b4 10.Nbd2 Bb7 11.a5 cxd4 12.exd4 Nd5 13.Nc4 Be7 14.Nfe5 N7f6 15.Qf3 Qb8
16.Qh3 Qa7 17.Bg5 Qxd4 18.Rfd1 Qa7 19.Bg6 O-O 20.Bxf7+ Rxf7 21.Qxe6 Rf8 22.Nxf7 Bc8
23.Nh6+ Kh8 24.Qe5 gxh6 25.Bxh6 Rd8 26.Nb6 Bb7 27.Bg5 Kg7 28.Rac1 Qb8 29.Rxd5  1-0

[Event "Groningen op"]
[Site "Groningen"]
[Date "1995.??.??"]
[Round "?"]
[White "Kempinski, Robert"]
[Black "Howell, James C"]
[Result "1/2-1/2"]
[WhiteElo "2455"]
[BlackElo "2525"]

1.d4 d5 2.Nf3 c5 3.c4 dxc4 4.e3 e6 5.Bxc4 Nf6 6.Nc3 a6 7.a4 Nc6 8.O-O Qc7
9.h3 Bd6 10.dxc5 Bxc5 11.Qc2 Nb4 12.Qe2 O-O 13.e4 Nh5 14.Rd1 Nf4 15.Bxf4 Qxf4
16.e5 b6 17.Qe4 Qxe4 18.Nxe4 Bb7 19.Nxc5 bxc5 20.Ne1 Rfd8 21.Nd3 Nxd3 22.Rxd3 Rxd3
23.Bxd3 Rd8 24.Ra3 a5 25.Rb3 Bc6 26.Rc3 Bxa4 27.Rxc5 g6 28.Be4 Rd1+ 29.Kh2 Rd2
30.Rxa5 Bc2 31.Bc6 Rxf2 32.b4 Bb3 33.Rc5 Rd2 34.b5 Bd5 35.Bxd5 exd5 36.Rc8+ Kg7
37.Rc7 Rb2 38.e6 Rxb5 39.Rxf7+ Kg8 40.Rd7 Rb8 41.Rxd5 Re8 42.Rd6 Kg7 43.Kg3 Kf6
44.Rd7 Re7 45.Kf4 Kxe6 46.Rxe7+ Kxe7 47.Ke5 h5 48.g3 Kf7 49.g4 hxg4 50.hxg4 g5
51.Kf5 Kg8 52.Kxg5 Kg7 53.Kf5 Kf7 54.g5 Kg7 55.g6 Kg8 56.Kf6 Kf8 57.g7+ Kg8
58.Kg6  1/2-1/2

[Event "Groningen op"]
[Site "Groningen"]
[Date "1995.??.??"]
[Round "?"]
[White "Ristic, Nenad"]
[Black "Baburin, Alexander"]
[Result "1/2-1/2"]
[WhiteElo "2400"]
[BlackElo "2495"]

1.d4 d5 2.c4 dxc4 3.Nf3 a6 4.e3 e6 5.Bxc4 c5 6.Qe2 b5 7.Bd3 cxd4 8.exd4 Nf6
9.O-O Be7 10.Bg5 Bb7 11.Nc3 O-O 12.Rad1 Nbd7 13.Rfe1 Rc8 14.d5 Bxd5 15.Nxd5 Nxd5
16.Bxh7+ Kxh7 17.Rxd5 Kg8 18.Qd3 exd5 19.Bxe7 Nc5 20.Qd1 Qb6 21.Bxf8 Ne4
22.Rf1 Kxf8 23.Ne5 Nf6 24.h3 g6 25.Kh2 Kg7 26.f4 Qe3 27.Ng4 Nxg4+ 28.Qxg4 Rc4
29.Qg5 Qe2 30.Rf3 Qxb2 31.Qxd5 Qd4 32.Qxd4+ Rxd4 33.Ra3 Rxf4  1/2-1/2

[Event "Hastings op9495"]
[Site "Hastings"]
[Date "1995.??.??"]
[Round "1"]
[White "Sakhatova, Elvira"]
[Black "Lalic, Bogdan"]
[Result "1/2-1/2"]
[WhiteElo "2385"]
[BlackElo "2590"]

1.d4 d5 2.Nf3 c5 3.c4 dxc4 4.Qa4+ Qd7 5.Qxc4 cxd4 6.Nxd4 e5 7.Nb3 Nc6 8.e3 Nf6
9.Be2 Be7 10.O-O O-O 11.Nc3 Qf5 12.Bd1 Be6 13.Qb5 Rab8 14.Qe2 e4 15.Bc2 Qg6
16.Kh1 Bd6 17.f4 exf3 18.gxf3 Qh5 19.Rg1 g6 20.Bd2 Rfe8 21.Bd1 Rbd8 22.Bc1 Ne5
23.Nd2 Nd3 24.Nde4 Nxe4 25.Nxe4 Qe5 26.Bd2 Bb4 27.Bxb4 Nxb4 28.Ba4 Re7 29.a3 Nd3
30.Rad1 Bc4 31.Bc2 Red7 32.b3 Ba6 33.Qg2 f5 34.Bxd3 Rxd3 35.Rxd3 Rxd3 36.Qg5 Kg7
37.Ng3 Kf7 38.Qh6 Rxb3 39.Qxh7+ Qg7 40.Qh4 Qf6 41.Qh7+ Qg7 42.Qh4 Qf6 43.Qh7+  1/2-1/2

[Event "HUN-chT1"]
[Site "HUN"]
[Date "1995.??.??"]
[Round "?"]
[White "Eperjesi, Laszlo"]
[Black "Izsak, Gyula"]
[Result "1/2-1/2"]
[WhiteElo "2350"]
[BlackElo "2445"]

1.d4 d5 2.c4 dxc4 3.Nf3 a6 4.a4 Nc6 5.e3 Na5 6.Nbd2 e6 7.Nxc4 Nxc4 8.Bxc4 Nf6
9.O-O c5 10.Qb3 Be7 11.Rd1 Qc7 12.Bd2 O-O 13.a5 Rb8 14.dxc5 Bxc5 15.Rac1 b6
16.axb6 Qxb6 17.Qxb6 Rxb6 18.b3 Bb4 19.Bxb4 Rxb4  1/2-1/2

[Event "Papp Bela mem"]
[Site "HUN"]
[Date "1995.??.??"]
[Round "?"]
[White "Peredy, Ferenc"]
[Black "Izsak, Gyula"]
[Result "0-1"]
[WhiteElo "2235"]
[BlackElo "2430"]

1.d4 d5 2.c4 dxc4 3.Nf3 a6 4.e3 Nf6 5.Bxc4 e6 6.O-O c5 7.dxc5 Qxd1 8.Rxd1 Bxc5
9.a3 b5 10.Ba2 Ke7 11.b4 Bd6 12.Bb2 Nbd7 13.Nbd2 Bb7 14.Nb3 Rhc8 15.Na5 Bxf3
16.gxf3 Be5 17.Bxe5 Nxe5 18.f4 Nc6 19.Nb3 Ne4 20.Rac1 Nd8 21.Rxc8 Rxc8 22.Rc1 Rxc1+
23.Nxc1 Nd2 24.Nb3 Nc4 25.Nc5 Nxa3 26.Nxa6 Nc6 27.Bb3 Kd6 28.Kf1 Nc4 29.Ke2 Nb6
30.Kd3 h6 31.Kc3 Nd7 32.Bd1 Ne7 33.Bf3 g5 34.fxg5 hxg5 35.Bh5 Nd5+ 36.Kb3 f5
37.Kc2 g4 38.Kd2 N7f6 39.Bg6 Ne4+  0-1

[Event "HUN-chT1"]
[Site "HUN"]
[Date "1995.??.??"]
[Round "?"]
[White "Dao Thien Hai"]
[Black "Karolyi, Tibor Jr"]
[Result "1/2-1/2"]
[WhiteElo "2480"]
[BlackElo "2385"]

1.d4 d5 2.c4 dxc4 3.Nf3 c5 4.d5 e6 5.Nc3 exd5 6.Qxd5 Qxd5 7.Nxd5 Na6 8.e4 Ne7
9.Ne3 Ng6 10.Bxc4 Nc7 11.O-O Be6 12.Rd1 Be7 13.Bxe6 Nxe6 14.Nf5 b6 15.h4 Bf6
16.Nd6+ Ke7 17.Nf5+ Ke8 18.a4 Ne5 19.Ng5 h6 20.Nd6+ Ke7 21.Nf5+ Ke8 22.Nd6+  1/2-1/2

[Event "HUN-chT1"]
[Site "HUN"]
[Date "1995.??.??"]
[Round "?"]
[White "Csonkics, Tunde"]
[Black "Csoke, Adrienn"]
[Result "1/2-1/2"]
[WhiteElo "2280"]
[BlackElo "2060"]

1.d4 d5 2.c4 dxc4 3.Nf3 c5 4.Nc3 e6 5.e4 cxd4 6.Qxd4 Qxd4 7.Nxd4 a6 8.Bxc4 Bb4
9.Bd2 Ne7 10.a3 Bd6 11.f4 e5 12.fxe5 Bxe5 13.Nf3 Nbc6 14.O-O Be6 15.Bxe6 fxe6
16.Ng5 Bd4+ 17.Kh1 Nd8 18.Rad1 Nec6 19.b4 h6 20.Nf3 O-O 21.h3 b5 22.Ne2 e5
23.Ng3 Ne7 24.Rc1 Ne6 25.Bc3 Rac8 26.Ne2 Bxc3 27.Nxc3 Nd4 28.Nd5 Nxd5 29.Rxc8 Rxc8
30.exd5 Nxf3 31.Rxf3 Rc1+ 32.Kh2 Rd1 33.Rc3 e4 34.Rc6 e3 35.Re6 Rd3 36.Rxa6 Rxd5
37.Re6 Rd3 38.Kg3 Rxa3 39.Kf3 Rb3 40.Re4 Kf7 41.h4 Kf6 42.g4 g5 43.hxg5+ hxg5
44.Ke2  1/2-1/2

[Event "HUN-chT1"]
[Site "HUN"]
[Date "1995.??.??"]
[Round "?"]
[White "Schneider, Attila"]
[Black "Gyimesi, Zoltan"]
[Result "0-1"]
[WhiteElo "2360"]
[BlackElo "2500"]

1.d4 d5 2.Nf3 c5 3.c4 dxc4 4.e3 Nf6 5.Bxc4 e6 6.O-O a6 7.a4 Nc6 8.Nc3 Bd6
9.b3 O-O 10.Bb2 b6 11.d5 Nb4 12.dxe6 Bxe6 13.Bxe6 fxe6 14.Ng5 Qe7 15.g3 Rad8
16.Qe2 h6 17.Nge4 Be5 18.Rad1 Nxe4 19.Nxe4 Bxb2 20.Qxb2 Rd5 21.Qe2 Rfd8 22.Qg4 Qf7
23.a5 Qf5 24.Qxf5 exf5 25.Nc3 Rxd1 26.Rxd1 Rxd1+ 27.Nxd1 b5 28.Nc3 Nc6 29.Nd5 Nxa5
30.b4 Nb3 31.Kf1 cxb4 32.Ke2 a5 33.Kd3 Nc5+ 34.Kd4 b3 35.Kc3 a4 36.Ne7+ Kf8
37.Nxf5 a3  0-1

[Event "HUN-chT1"]
[Site "HUN"]
[Date "1995.??.??"]
[Round "?"]
[White "Portisch, Ferenc"]
[Black "Nemeth, Zoltan"]
[Result "0-1"]
[WhiteElo "2390"]
[BlackElo "2380"]

1.d4 d5 2.c4 dxc4 3.Nf3 c5 4.e3 cxd4 5.Qxd4 Qxd4 6.Nxd4 Bd7 7.Na3 e5 8.Ndb5 Kd8
9.Bxc4 a6 10.Nc3 b5 11.Bd5 Bc6 12.Bxc6 Nxc6 13.Ne4 f5 14.Ng5 Ke7 15.Bd2 Kf6
16.h4 h6 17.Rc1 Rc8 18.e4 Bxa3 19.bxa3 Nge7 20.Nf3 fxe4 21.Nh2 Nd4 22.Ng4+ Ke6
23.Ne3 Rxc1+ 24.Bxc1 Rc8 25.Kd1 Nd5 26.Nxd5 Kxd5 27.Bb2 h5 28.Rh3 g6 29.Bc3 Nf5
30.Bd2 Rc4 31.Bg5 Nd4 32.Be3 Rc3 33.Rg3 Nf5 34.Rxg6 Nxe3+ 35.fxe3 Rxa3 36.g4 hxg4
37.Rxg4 Rxa2 38.Rg3 Rh2 39.Rg6 a5  0-1

[Event "HUN-chT1 9596"]
[Site "HUN"]
[Date "1995.??.??"]
[Round "1"]
[White "Krutti, Valer"]
[Black "Izsak, Gyula"]
[Result "0-1"]
[WhiteElo "2355"]
[BlackElo "2430"]

1.d4 d5 2.c4 dxc4 3.Nf3 a6 4.e4 b5 5.a4 Bb7 6.Nc3 e6 7.axb5 axb5 8.Rxa8 Bxa8
9.Nxb5 Bxe4 10.Bxc4 Bb4+ 11.Nc3 Ne7 12.O-O Bxf3 13.Qxf3 O-O 14.Rd1 c6 15.Bg5 Qa5
16.h4 Nd5 17.Ne4 Be7 18.Bd3 Qd8 19.Qg3 Kh8 20.h5 Bxg5 21.Nxg5 h6 22.Nxf7+ Rxf7
23.Qg6 Qg8 24.Qxe6 Nf4 25.Qe5 Nxd3 26.Rxd3 Qf8 27.f3 Re7 28.Qg3 Nd7 29.Rc3 Re6
30.Qc7 Qd6 31.Qc8+ Kh7 32.Rd3 Qg3  0-1

[Event "HUN-chT1 9596"]
[Site "HUN"]
[Date "1995.??.??"]
[Round "2"]
[White "Csonkics, Tunde"]
[Black "Szakolczai, Peter"]
[Result "1/2-1/2"]
[WhiteElo "2280"]
[BlackElo "2225"]

1.d4 d5 2.c4 dxc4 3.Nf3 c5 4.e4 Nf6 5.Nc3 cxd4 6.Qxd4 Qxd4 7.Nxd4 e5 8.Ndb5 Kd8
9.Be3 Be6 10.O-O-O+ Nbd7 11.f3 Bb4 12.Nxa7  1/2-1/2

[Event "HUN-chT1 9596"]
[Site "HUN"]
[Date "1995.??.??"]
[Round "4"]
[White "Csonkics, Tunde"]
[Black "Nemeth, Zoltan"]
[Result "0-1"]
[WhiteElo "2280"]
[BlackElo "2380"]

1.d4 d5 2.c4 dxc4 3.Nf3 c5 4.d5 e6 5.Nc3 Nf6 6.e4 exd5 7.e5 Ne4 8.Qxd5 Nxc3
9.Qxd8+ Kxd8 10.bxc3 Be6 11.Ng5 Nd7 12.Nxe6+ fxe6 13.Bxc4 Nxe5 14.Bxe6 Nd3+
15.Ke2 Nxc1+ 16.Rhxc1 Kc7 17.Kf1 Be7 18.a4 Rad8 19.Rc2 Bf6 20.Bc4 Rd6 21.a5 Rhd8
22.Ke2 Bg5 23.a6 b6 24.Bb5 Rd2+ 25.Rxd2 Rxd2+ 26.Kf3 Bf6 27.Re1 Kd6 28.Re8 Bxc3
29.Ra8 Rb2 30.Bd3 b5 31.Rxa7 c4 32.Bxh7 Rxf2+ 33.Ke3 Bb4 34.Rxg7 Bc5+ 35.Ke4 c3
36.a7 Ra2 37.Kd3 c2 38.Rg6+ Ke7 39.Rg7+ Kf6 40.Rg6+ Kf7 41.a8=Q c1=N+  0-1

[Event "Katowice op"]
[Site "Katowice"]
[Date "1995.??.??"]
[Round "4"]
[White "Obierak, Wladyslaw"]
[Black "Kachur, Alexander"]
[Result "0-1"]
[WhiteElo "2145"]
[BlackElo "2315"]

1.d4 d5 2.c4 dxc4 3.Nf3 a6 4.a4 Nf6 5.Nc3 Nc6 6.e4 Bg4 7.Be3 Na5 8.Be2 e6
9.O-O Bxf3 10.Bxf3 Be7 11.Qc2 O-O 12.Rad1 Rb8 13.d5 e5 14.Ba7 Ra8 15.Be3 Rb8
16.Ba7 Rc8 17.Be3 Bd6 18.Qe2 Rb8 19.Ba7 Ra8 20.Be3 Qe7 21.g3 Rab8 22.Ba7 Rbd8
23.Be3 Bc5 24.Rfe1 h6 25.h4 Rb8 26.Kg2 Bxe3 27.fxe3 b5 28.axb5 axb5 29.g4 Ne8
30.Rh1 Nd6 31.g5 hxg5 32.hxg5 g6 33.Rdg1 Kg7 34.Kf1 Rh8 35.Qg2 b4 36.Nd1 Nb3
37.Ke2 Nc5 38.Nf2 c3 39.Rxh8 Rxh8 40.bxc3 bxc3 41.Rc1 Nb5 42.Qg3 Nb3 43.Rh1 Rxh1
44.Bxh1 c2 45.Nd3 c1=Q 46.Nxc1 Nxc1+ 47.Kd1 Nd3 48.Qh4 Qc5  0-1

[Event "Katowice op"]
[Site "Katowice"]
[Date "1995.??.??"]
[Round "6"]
[White "Gagarin, Vasilij"]
[Black "Kachur, Alexander"]
[Result "1-0"]
[WhiteElo "2440"]
[BlackElo "2315"]

1.d4 d5 2.c4 dxc4 3.Nf3 a6 4.e4 b5 5.a4 Bb7 6.axb5 axb5 7.Rxa8 Bxa8 8.Nc3 e6
9.Nxb5 Bxe4 10.Bxc4 Bb4+ 11.Nc3 c6 12.O-O Bxf3 13.Qxf3 Ne7 14.Rd1 O-O 15.Bg5 Qa5
16.Ne4 Nd7 17.h4 Nb6 18.Bd3 Nbd5 19.Ng3 Bd6 20.Qe4 g6 21.Qf3 Rb8 22.Ne4 Bc7
23.Bxe7 Nxe7 24.Nf6+ Kg7 25.Nd7 Re8 26.Qf6+ Kg8 27.Be4 Nd5 28.Qf3 Rd8 29.Bxd5 Rxd7
30.Bc4 Qb6 31.Qe4 Qxb2 32.g3 Bb6 33.Qxc6 Rxd4 34.Rf1 Rd2 35.Qf3 Qd4 36.Ba6 h5
37.Kg2 Kg7 38.Kg1 Ra2 39.Bb5 Rb2 40.Ba6 Ra2 41.Bb7 Rc2 42.Kg2 f5 43.Ba8 e5
44.Qb7+ Kf6 45.Kh3 Bc7 46.Qc8 Kg7 47.Qe6 Bd6 48.Bd5 e4 49.Qxd6 Kh6 50.Rd1 Qc5
51.Qf4+ Kg7 52.Bb3 Rxf2 53.Rd7+  1-0

[Event "Katrineholm"]
[Site "Katrineholm"]
[Date "1995.??.??"]
[Round "?"]
[White "Cramling, Pia"]
[Black "Hartman, Christer"]
[Result "1-0"]
[WhiteElo "2510"]
[BlackElo "2345"]

1.d4 d5 2.Nf3 c5 3.c4 dxc4 4.Nc3 e6 5.e4 cxd4 6.Nxd4 e5 7.Nf3 Qxd1+ 8.Kxd1 Bg4
9.Nb5 Na6 10.Bxc4 Nf6 11.Nc3 Rd8+ 12.Ke2 Bb4 13.h3 Bxc3 14.hxg4 Bd4 15.Nxd4 Rxd4
16.Bxa6 bxa6 17.f3 Ke7 18.Be3 Rc4 19.Rac1 Rhc8 20.Rxc4 Rxc4 21.Kd3 Rc7 22.g5 Nd7
23.Rxh7 g6 24.Rh8 Nc5+ 25.Bxc5+ Rxc5 26.Rb8 Rc7 27.Rb3 Kd6 28.Kd2 Ke6 29.Rd3 Rc8
30.Rc3 Rb8 31.Kc2 Kd6 32.Ra3 Rb6 33.Rd3+ Ke6 34.Rb3 Kd6 35.Rc3 Kd7 36.Rc5 Kd6
37.Rd5+ Ke6 38.Rd3 Rb7 39.Rb3 Rb6 40.Rxb6+ axb6 41.Kc3 Kd6 42.Kb4 Kc6 43.a4 Kd6
44.a5 b5 45.g3 Kc6 46.f4 Kd6 47.fxe5+ Kc6 48.b3  1-0

[Event "Lazne Bohdanec"]
[Site "Lazne Bohdanec"]
[Date "1995.??.??"]
[Round "2"]
[White "Babula, Vlastimil"]
[Black "Howell, James C"]
[Result "1/2-1/2"]
[WhiteElo "2530"]
[BlackElo "2520"]

1.d4 d5 2.c4 dxc4 3.Nf3 c5 4.d5 Nf6 5.Nc3 e6 6.e4 exd5 7.e5 Nfd7 8.Bg5 Be7
9.Bxe7 Qxe7 10.Nxd5 Qd8 11.Bxc4 Nc6 12.O-O O-O 13.Re1 Nb6 14.Nxb6 axb6 15.h3 Qe7
16.Qd6 Re8 17.Rad1 Be6 18.Bxe6 Qxe6 19.Qxe6 Rxe6 20.a3 Rae8 21.Rd7 R8e7 22.Red1 h6
23.Rxe7  1/2-1/2

[Event "Lazne Bohdanec"]
[Site "Lazne Bohdanec"]
[Date "1995.??.??"]
[Round "7"]
[White "Barbero, Gerardo F"]
[Black "Howell, James C"]
[Result "1/2-1/2"]
[WhiteElo "2500"]
[BlackElo "2520"]

1.d4 d5 2.c4 dxc4 3.Nf3 c5 4.e3 Nf6 5.Bxc4 e6 6.O-O a6 7.Qe2 b5 8.Bb3 Bb7
9.a4 Nbd7 10.axb5 axb5 11.Rxa8 Qxa8 12.Nc3 b4 13.Nb5 Qb8 14.e4 cxd4 15.Nbxd4 Bc5
16.Rd1 O-O 17.Nxe6 fxe6 18.Bxe6+ Kh8 19.Bxd7 Bxe4 20.Bh3 Bxf3 21.Qxf3 Ng8
22.Qc6 Bxf2+ 23.Kh1 Qe5 24.Qc4 Nf6 25.Rf1 Bc5 26.Bf4 Qd4 27.Qxd4 Bxd4 28.Bd6 Rd8
29.Bxb4 Bxb2 30.Be7  1/2-1/2